Toms, Dicks, and Harrys Quiz Stats

 Plays Quiz Updated Jan 25, 2019

Support Sporcle.
Go Orange.
Score 0/40 Timer 08:00
1 Play Today
Description Name % Correct
Mark Twain title characterTom Sawyer
87.8%
US President who ended World War IIHarry Truman
85.3%
The Boy Who LivedHarry Potter
70.3%
Renowned escape artistHarry Houdini
67.7%
US VP who shot someone in the faceDick Cheney
62.9%
Ex-New England Patriots quarterbackTom Brady
62.8%
Couch-jumping 'Top Gun' actorTom Cruise
61.3%
Clint Eastwood character who will make your dayHarry Callahan
60.6%
'Mary Poppins' chimney sweepDick Van Dyke
57.9%
'It's Not Unusual' singerTom Jones
54.4%
Yellow-clad comic strip detectiveDick Tracy
53.5%
'Magnum, P.I.' starTom Selleck
51.9%
'American Bandstand' hostDick Clark
48.4%
'Patriot Games' authorTom Clancy
46.2%
Consecutive best actor Oscar winnerTom Hanks
45.4%
Frontman for The HeartbreakersTom Petty
35.4%
Pair of comedy brothersTom and Dick Smothers
28.1%
'Calypso' singerHarry Belafonte
23%
'Laugh-In' co-hostDick Martin
21.1%
'L.A. Law' actorHarry Hamlin
20.9%
Description Name % Correct
Nightwing or RobinDick Grayson
20.4%
Voice of Ned Flanders and Seymour SkinnerHarry Shearer
19.5%
Mail-Order fruit businessHarry & David
18.7%
New Orleans jazz singerHarry Connick Jr.
17.6%
'Freddie Got Fingered' star Tom Green
15.5%
Hall of Fame Chicago Bears linebackerDick Butkus
14.4%
Hanna-Barbera villainDick Dastardly
13.8%
Sesame Street muppetHerry Monster
10.7%
The Fourth DoctorTom Baker
10.7%
Suzanne Vega hitTom's Diner
10.3%
Former Portsmouth FC managerHarry Redknapp
9%
Surf Rock guitaristDick Dale
8.5%
Short Track NASCAR driverDick Trickle
8.3%
Horse-themed mystery novelistDick Francis
7.4%
Johnny Carson competitor and joke writerDick Cavett
7.2%
'Poisoning Pigeons in the Park' singerTom Lehrer
4.7%
Fictional boy inventorTom Swift
4.3%
Roe v. Wade decision authorHarry Blackmun
3.6%
'Eight Is Enough' patriarchDick Van Patten
2.9%
Country artist nicknamed 'Haywire Mac'Harry McClintock
0.7%

You're not logged in!

Compare scores with friends on all Sporcle quizzes.
OR
Log In
Forgot?

From the Vault

Begins with 'HU'

by leppyfresh

We think this quiz is gonna be huge.
Remove Ads.
Support Sporcle.
Get the best of Sporcle when you Go Orange. This ad-free experience offers more features, more stats, and more fun while also helping to support Sporcle. Thank you for becoming a member.

Show Comments

Extras

Top Quizzes Today


Score Distribution

Your Account Isn't Verified!

In order to create a playlist on Sporcle, you need to verify the email address you used during registration. Go to your Sporcle Settings to finish the process.

Report this User

Report this user for behavior that violates our Community Guidelines.

Details: